000 00487nam a2200169Ia 4500
008 230917s9999||||xx |||||||||||||| ||und||
020 _cGBP159.99
040 _e246556
_aMAIN
041 _aEnglish
082 _a668.4 M926P
100 _aMuñoz-Bonilla, Alexandra, ed.
245 0 _aPolymeric materials with antimicrobial activity
260 _aCambridge
_bRSC Publishing
_c2014
300 _axvii, 414 p.
500 _a3070 20/03/2018 IBS18/347 20/03/2017 Main Budget
942 _cBK
999 _c26420
_d26420